| 000 | 00749nam a2200253 a 4500 | ||
|---|---|---|---|
| 001 | 19013 | ||
| 003 | CO-ViMGA | ||
| 008 | 141112s2004 ck r 000 u spa d | ||
| 020 | _a8422405180 | ||
| 040 |
_aCO-ViMGA _bspa _cCO-ViMGA |
||
| 082 | 0 | 4 | _a611.85 P373m |
| 100 | 1 |
_aPerello, Jorge _927233 |
|
| 245 | 1 | 0 | _aMorfología fonoaudiológica |
| 250 | _a2 | ||
| 260 |
_aBarcelona : _bCientífico Medica; 1978 |
||
| 300 | _a272 p. | ||
| 490 | _aaudiofoniatria y logopedia | ||
| 590 | _aForma de adquisición : Proyecto 2005 - - Precio : 102.600 | ||
| 650 | 1 | 4 |
_aAUDICIÓN - ANATOMIA E HISTOLOGIA _927234 |
| 650 | 1 | 4 |
_aFONOAUDIOLOGIA _927235 |
| 650 | 1 | 4 |
_aHABLA _927236 |
| 650 | 1 | 4 |
_aORGANOS AUDIOFONATORIOS - EMBRIOLOGIA _927237 |
| 942 |
_2ddc _cBK |
||
| 999 |
_c28203 _d28203 |
||